[Event "Innsbruck op-B 3rd"]
[Site "Innsbruck"]
[Date "2019.08.25"]
[Round "1"]
[White "Grassmair, Reinhold"]
[Black "Aufschnaiter, Alexander"]
[Result "0-1"]
[WhiteElo "1735"]
[BlackElo "1532"]
[PlyCount "60"]
[EventDate "2019.08.25"]
[EventType "swiss"]
[EventRounds "9"]
[EventCountry "AUT"]
[SourceTitle "EXT 2020"]
[Source "ChessBase"]
[SourceDate "2019.10.17"]
[SourceVersion "1"]
[SourceVersionDate "2019.10.17"]
[SourceQuality "1"]

1. e4 c5 2. Nf3 d6 3. d4 cxd4 4. Nxd4 Nf6 5. Nc3 Nc6 6. Be2 e5 7. Nb3 a5 8. a4 Be6 9. Bg5 Qb6 10. Be3 Qb4 11. f3 d5 12. exd5 Nxd5 13. Bd2 Qh4+ 14. g3 Qf6 15. Ne4 Qd8 16. c4 Ndb4 17. 0-0 Be7 18. Rc1 0-0 19. Kg2 Qc8 20. Be3 Bh3+ 21. Kg1 Bxf1 22. Qxf1 f5 23. Nc3 f4 24. Bb6 fxg3 25. hxg3 Nd4 26. Nxd4 exd4 27. Bxd4 Bc5 28. Bf2 Qc6 29. Nd5 Bxf2+ 30. Qxf2 Nxd5 0-1